Documento de estudio sobre el taller de educación liberadora Augusto C. Sandino /

Guardado en:
書目詳細資料
企業作者: Nicaragua. Ministerio de Desarrollo Agropecuario y Reforma Agraria (MIDINRA)
格式: 未知
語言:Spanish
出版: Nicaragua : MIDINRA
叢編:Documento n.4
主題:
標簽: 添加標簽
沒有標簽, 成為第一個標記此記錄!

MARC

LEADER 00000 a2200000 04500
001 48310
003
008 050604s1982 nq spa d
040 |a CRAI/IIS  |c CRAI/IIS 
020 |a [sin ISBN]  
090 |a 06.05.01 D597d  
110 |a Nicaragua. Ministerio de Desarrollo Agropecuario y Reforma Agraria (MIDINRA)  
245 |a Documento de estudio sobre el taller de educación liberadora Augusto C. Sandino /  |c Ministerio de Desarrollo Agropecuario y Reforma Agraria (MIDINRA) de Nicaragua 
260 |a Nicaragua :   |b MIDINRA  
300 |a 76 páginas  
440 |a Documento   |v n.4  
650 |a EDUCACION  
650 |a Macrothesauro de la OCDE/  
650 |a EDUCACION POPULAR  
650 |a Macrothesauro de la UNA/  
650 |a CAPACITACION  
650 |a Macrothesauro de la OCDE/  
650 |a OBREROS  
650 |a Listado unificada del CIDCACS/  
650 |a SECTOR AGROPECUARIO  
650 |a Listado unificada del CIDCACS/  
651 |a Nicaragua  
999 |c 18527  |d 18527